000
00249nam a2200097Ia 4500
082
_a
712.6 GAVI
245
0
_a
Design your garden
100
_a
GAVIN, Diarmuid London, 2004
_9
65873
942
_c
BK
008
210817s9999 xx 000 0 und d
999
_c
210863
_d
210862